| 000 | 00895nam a22002657a 4500 | ||
|---|---|---|---|
| 001 | 4010 | ||
| 003 | FISKH | ||
| 005 | 20240530102536.0 | ||
| 008 | 240530b cb ||||| |||| 00| 0 eng d | ||
| 020 | _a9780375858291 | ||
| 040 |
_aFISKH _beng _cFISKH _dFISKH |
||
| 050 | _aPZ7.V28393 | ||
| 082 | _a813.6 | ||
| 100 |
_aVanderpool Clare _d1965- |
||
| 245 |
_aMoon over manifest / _cClare Vanderpool |
||
| 260 |
_aNew York : _bA Yearling Book, _c2011 |
||
| 300 |
_a351 pages : _c20 cm |
||
| 505 | _aM | ||
| 520 | _aTwelve-year-old Abilene Tucker is the daughter of a drifter who, in the summer of 1936, sends her to stay with an old friend in Manifest, Kansas, where he grew up, and where she hopes to find out some things about his past. | ||
| 521 | 8 |
_a800
_bLexile |
|
| 521 | 8 |
_aM
_bRaz-Plus |
|
| 700 | _aClare Vanderpool | ||
| 942 |
_2ddc _cBK _n0 |
||
| 999 |
_c4010 _d4010 |
||